000 01339cam a22003375a 4500
001 18643779
003 EG-ScBUE
005 20211220101352.0
008 150604t2015 nyu f b f001 0 eng d
020 _a9781107542570
040 _aDLC
_beng
_erda
_cDLC
_dDLC
_dEG-ScBUE
043 _ae-uk---
082 0 4 _a821.91409
_bFAL
_222
100 1 _aFalci, Eric,
_eauthor.
245 1 4 _aThe Cambridge introduction to British poetry, 1945-2010 /
_cEric Falci, University of California, Berkeley.
264 1 _aNew York :
_bCambridge University Press,
_c2015.
300 _aviii, 279 pages :
_c23 cm.
336 _2rdacontent
_atext
_btxt
337 _2rdamedia
_aunmediated
_bn
338 _2rdacarrier
_avolume
_bnc
490 0 _aCambridge introductions to literature
504 _aIncludes bibliographical references and index.
505 0 _aIntroduction -- the movement and its discontents -- Decolonizing poetry -- Local modernism -- Late modernism -- The north -- New narratives -- Platforms and performances -- Conclusion: archipelagic experiments.
590 _aSameh
650 7 _aEnglish poetry
_x20th century
_xHistory and criticism.
_2BUEsh
650 7 _aEnglish poetry
_x21st century
_xHistory and criticism.
_2BUEsh
651 _2BUEsh
653 _bHHUUEENN
_cOctober2016
655 _vReading book
_934232
942 _2ddc
_cBB
999 _c22787
_d22759